| 000 | 01128nam a22002655a 4500 | ||
|---|---|---|---|
| 003 | OSt | ||
| 005 | 20201128024330.0 | ||
| 008 | 180428s2007 le frb 000 0dara d | ||
| 020 | _a9789953871622 | ||
| 040 |
_aEG-ScBUE _bara _cEG-ScBUE |
||
| 082 | 0 | 4 |
_a297.24 _bك ا ت _222 |
| 100 | 1 | _aالكاتب، أحمد. | |
| 245 | 1 | 0 |
_aفي سبيل الشورى والوحدة والتجديد : _bحوارات أحمد الكاتب مع المراجع والعلماء والمفكرين حول وجود الإمام الثاني عشر / _cأحمد الكاتب. |
| 250 | _aط. 1. | ||
| 260 |
_aبيروت : _bالدار العربية للعلوم-ناشرون، _c2007. |
||
| 300 |
_a335 ص. ؛ _c24 سم. |
||
| 504 | _aيشتمل على إرجاعات ببليوجرافية. | ||
| 541 |
_aأ. محمد فريد خميس ؛ _cإهداء ؛ |
||
| 600 | 1 | 7 |
_a مهدي، محمد بن الحسن، _d869- |
| 650 | 7 |
_aالإمامة عند الشيعة. _2BUEsh _922031 |
|
| 650 | 7 |
_aالإمامة (فرقة إسلامية). _2BUEsh |
|
| 650 | 7 |
_aعقائد الشيعة. _2BUEsh _9183 |
|
| 651 | _2BUEsh | ||
| 942 | _2ddc | ||
| 999 |
_c26606 _d26578 |
||